=LDR 00000nam 2200000 4500 =001 INLIS000000000000321 =005 20230109023001 =035 ##$$a 0010-0123000121 =007 ta =008 230109################g##########0#ind## =020 ##$$a 978-602-412-452-6 =082 ##$$a 613.043 =084 ##$$a 613.043 SAP m =100 #$$a Saparinah Sadli =245 1#$$a Menjadi perempuan sehat dan produktif di usia lanjut /$c Saparinah Sadli; penyunting, Imelda Bachtiar ; ilustrator Kristi Poerwandari =250 ##$$a edisi dua, cetakan kedua =260 ##$$a Jakarta :$b Kompas Media Nusantara,$c 2018 =300 ##$$a lvi, 136 halaman : $b ilustrasi ; $c 23 cm =650 #4$$a $a usia lanjut $x kesehatan dan kebersihan =650 #4$$a $a wanita $x kesehatan dan kebersihan =700 #$$a Imelda Bachtiar $g penyunting =504 ##$$a Bibliografi : halaman 111 =504 ##$$a Indeks